Statistiken für Schweizer Kantone Karten-Quiz

Klicken Sie hier um das Quiz zu spielen!

Allgemein

  • Dieses Quiz wurde 10.156 mal gespielt
    (9.450 seit der letzten Aktualisierung)
  • Das Durchschnittsergebnis liegt bei 15 aus 26

Antworten auf der Karte

Die Antworten werden auf der Karte rot bzw. grün angezeigt, abhängig davon wie oft sie richtig erraten wurden.
 

Antwortstatistiken

Antwort% Korrekt
Genf
77%
Basel-Stadt
71%
Bern
71%
Tessin
66%
Graubünden
65%
Appenzell Innerrhoden
64%
Basel-Landschaft
64%
Schaffhausen
63%
Wallis
63%
Appenzell Ausserrhoden
62%
St. Gallen
60%
Zürich
59%
Jura
58%
Aargau
56%
Freiburg
55%
Luzern
52%
Waadt
52%
Neuenburg
50%
Solothurn
50%
Thurgau
50%
Obwalden
45%
Schwyz
45%
Zug
45%
Uri
44%
Glarus
40%
Nidwalden
37%

Verteilung der Resultate

Perzentil nach korrekt beantworteten Fragen

Anzahl Personen mit jedem Resultat

Ihre Resultats-Entwicklung

Sie haben dieses Quiz seit der letzten Aktualisierung nicht gespielt